Normal view
MARC view
- The death and life of Germany; an account of the American occupation
Entry Topical Term
001 - CONTROL NUMBER
- control field: 108229
003 - CONTROL NUMBER IDENTIFIER
- control field: NUST
005 - DATE AND TIME OF LATEST TRANSACTION
- control field: 20230131131010.0
008 - FIXED-LENGTH DATA ELEMENTS
- fixed length control field: 230131|| aca||aabn | a|a d
040 ## - CATALOGING SOURCE
- Original cataloging agency: NUST
- Transcribing agency: NUST
150 ## - HEADING--TOPICAL TERM
- Topical term or geographic name entry element: The death and life of Germany; an account of the American occupation
670 ## - SOURCE DATA FOUND
- Source citation: Work cat.: (NUST)186076: Davidson, Eugene 108228, The death and life of Germany;, 1959
